Q: skills for success listening and speaking : (Record no. 354720)
[ view plain ]
| 000 -LEADER | |
|---|---|
| fixed length control field | 00358nam a2200109Ia 4500 |
| 008 - FIXED-LENGTH DATA ELEMENTS--GENERAL INFORMATION | |
| fixed length control field | 180205s9999 xx 000 0 und d |
| 020 ## - INTERNATIONAL STANDARD BOOK NUMBER | |
| International Standard Book Number | 9780194756129 |
| 100 ## - MAIN ENTRY--PERSONAL NAME | |
| Personal name | Craven, Miles |
| 245 ## - TITLE STATEMENT | |
| Statement of responsibility, etc | Sherman, Kristin D. |
| Title | Q: skills for success listening and speaking : |
| Remainder of title | with online practice |
| 260 ## - PUBLICATION, DISTRIBUTION, ETC. (IMPRINT) | |
| Place of publication, distribution, etc | USA |
| Name of publisher, distributor, etc | Oxford university press |
| Date of publication, distribution, etc | 2010 |
| 300 ## - PHYSICAL DESCRIPTION | |
| Extent | iii, 228 pages |
| Withdrawn status | Lost status | Damaged status | Home library | Current library | Shelving location | Date acquired | Source of acquisition | Total Checkouts | Full call number | Barcode | Date last seen | Price effective from | Koha item type |
|---|---|---|---|---|---|---|---|---|---|---|---|---|---|
| College Library | College Library | General Circulation Section | 02/05/2018 | Library Fund | LB 2395 .C898 2010 | C14038 | 05/15/2018 | 02/05/2018 | Books |